Szczegóły MARC21

Państwo islamskie : narodziny nowego kalifatu? /

003 -Nazwa inst., której nr kontr. jest w polu 001 [,]
    • @
    • Nazwa instytucji, której n kontrolny jest w polu 001
    • NUKAT
005 -DATA I CZAS OSTATNIEJ MODYFIKACJI [,]
    • @
    • pole kontrolne
    • 20241231111028.0
020 -Międzynarod. znormalizowany nr książki - ISBN [ , ]
    • a
    • Numer ISBN
    • 9788380852297 Find
040 -Instytucja sporządzająca opis [ , ]
    • a
    • Instytucja, która sporządziła opis (NP)
    • WR U/BS
    • c
    • Instytucja, która sporządziła rekord (NP)
    • WR U/BSs
    • d
    • Instytucja, która zmodyfikowała rekord (P)
    • WR U/ms
    • d
    • Instytucja, która zmodyfikowała rekord (P)
    • BSTOK U/EWs
942 -Rodzaj dokumentu [ , ]
    • c
    • Rodzaj dokumentu
    • Książka
100 -Hasło główne - nazwa osobowa [1, ]
    • a
    • Nazwa osobowa (NP)
    • Wejkszner, Artur
    • d
    • Daty biograficzne (NP)
    • (1971- ).
    • 9
    • KHW
    • 27975
245 -Strefa tytułu i oznaczenia odpowiedzialności [1,0]
    • a
    • Tytuł
    • Państwo islamskie : Find
    • b
    • Ciąg dalszy tytułu (NP)
    • narodziny nowego kalifatu? / Find
    • c
    • Pozostałe elementy strefy tytułu i oznaczenia odpowiedzialności (NP)
    • Artur Wejkszner.
260 -Strefa adresu wydawniczego [ , ]
    • a
    • Miejsce wydania (P)
    • Warszawa :
    • b
    • Nazwa wydawcy (P)
    • Difin,
    • c
    • Data wydania (P)
    • 2016.
300 -Strefa opisu fizycznego [ , ]
    • a
    • Określenie formy książki i/lub objętość (NP)
    • 254 s. :
    • b
    • Oznaczenie ilustracji (NP)
    • il. ;
    • c
    • Format (NP)
    • 23 cm.
336 -Typ zawartości [ , ]
    • a
    • Termin opisujący typ zawartości
    • Tekst
    • b
    • Kod określający zawartość
    • txt
    • 2
    • Źródło (terminu i kodu)
    • rdacontent
337 -Typ mediów [ , ]
    • a
    • Tryb odtwarzania
    • Bez urządzenia pośredniczącego
    • b
    • Kod typu mediów
    • n
    • 2
    • Źródło (terminu i kodu)
    • rdamedia
338 -Typ/rodzaj nośnika [ , ]
    • a
    • Hasło opisujące typ nośnika
    • Wolumin
    • b
    • Kod typu nośnika
    • nc
    • 2
    • Źródło (terminu i kodu)
    • rdacarrier
504 -Uwaga dot. bibliogr. załącznikowej [ , ]
    • a
    • Uwaga dot. bibliografii załącznikowej
    • Bibliogr. s. 235-254.
080 -Uniwersalna Klasyfikacja Dziesiętna [ , ]
    • 2
    • Identyfikator wydania tablic
    • UDC-P058
    • 9
    • UKD
    • 9204
    • a
    • Symbol klasyfikacji
    • 28-784
    • b
    • Dopowiedzenie
    • Islamskie stowarzyszenia i organizacje.
080 -Uniwersalna Klasyfikacja Dziesiętna [ , ]
    • 2
    • Identyfikator wydania tablic
    • UDC-P058
    • 9
    • UKD
    • 3472
    • a
    • Symbol klasyfikacji
    • 343.341
    • b
    • Dopowiedzenie
    • Związki i sekty przestępcze. Uzbrojone bandy. Przestępczość zorganizowana. Tajne organizacje przestępcze. Organizacje terrorystyczne. Gangi. Mafie. Camorra itp..
    • 4
    • UKD2
    • 96580
    • x
    • Poddział wspólny
    • (100-69:28)
    • c
    • Dopowiedzenie poddz. wspólnego
    • (Kraje muzułmańskie, islamskie).
080 -Uniwersalna Klasyfikacja Dziesiętna [ , ]
    • 2
    • Identyfikator wydania tablic
    • UDC-P058
    • 9
    • UKD
    • 2875
    • a
    • Symbol klasyfikacji
    • 323.28
    • b
    • Dopowiedzenie
    • Prześladowania polityczne. Akty terroru. Terroryzm.
    • 4
    • UKD2
    • 96580
    • x
    • Poddział wspólny
    • (100-69:28)
    • c
    • Dopowiedzenie poddz. wspólnego
    • (Kraje muzułmańskie, islamskie).
610 -Hasło przedmiotowe w formie nazwy ciała zbiorowego [2,7]
    • a
    • Nazwa ciała zbiorowego lub nazwa geograficzna
    • Państwo Islamskie.
    • 2
    • Źródło terminu
    • kaba
    • 9
    • KHW
    • 334642
650 -Hasło przedmiotowe [ ,7]
    • a
    • Hasło przedmiotowe
    • Dżihad.
    • 2
    • Źródło terminu
    • kaba
    • 9
    • KHW
    • 107177
650 -Hasło przedmiotowe [ ,7]
    • a
    • Hasło przedmiotowe
    • Terroryzm
    • x
    • Określnik rzeczowy
    • aspekt religijny
    • x
    • Określnik rzeczowy
    • islam.
    • 2
    • Źródło terminu
    • kaba
    • 9
    • KHW
    • 375841
980 -Symbol UKD [ , ]
    • a
    • UKD
    • 28-784:[343.341:323.28](100-69:28)
710 -Hasło dodatkowe - nazwa ciała zbiorowego [2, ]
    • a
    • Nazwa ciała zbiorowego lub nazwa geograficzna jako pierwszy element (NP)
    • Difin.
    • 4
    • Kod relacji
    • pbl
    • 9
    • KHW
    • 52248
856 -Dostęp do wersji elektronicznej [4,8]
    • 3
    • Wyszczególnienie materiału
    • Okładka
856 -Dostęp do wersji elektronicznej [4,1]
    • 3
    • Wyszczególnienie materiału
    • Spis treści
920 -ISBN [ , ]
    • a
    • ISBN
    • 978-83-8085-229-7 Find
Lokalizacja Data inwentaryzacji Status udost. Numer inwentarzowy
BNS2016-11-181H.28571
BNS2016-11-18-3H.28572